| 000 | 00000nam 2200000zi 4500 |
| 001 | 9.888682 |
| 003 | CaOODSP |
| 005 | 20250218133625 |
| 006 | m o d f |
| 007 | cr cn||||||||| |
| 008 | 200626t20202020onca obs f000 0 eng d |
| 040 | |aCaOODSP|beng|erda|cCaOODSP |
| 043 | |an-cn--- |
| 045 | |ay1y1 |
| 086 | 1 |aCS45-28/1-2020-35E-PDF |
| 100 | 1 |aHahmann, Tara, |eauthor. |
| 245 | 10|aVolunteering in Canada : |bchallenges and opportunities during the COVID-19 pandemic / |cby Tara Hahmann, Valerie du Plessis and Patric Fournier-Savard. |
| 264 | 1|a[Ottawa] : |bStatistics Canada = Statistique Canada, |c2020. |
| 264 | 4|c©2020 |
| 300 | |a1 online resource (8 unnumbered pages) : |bcolour illustration. |
| 336 | |atext|btxt|2rdacontent |
| 337 | |acomputer|bc|2rdamedia |
| 338 | |aonline resource|bcr|2rdacarrier |
| 490 | 1 |aStatCan COVID-19 : data to insights for a better Canada |
| 500 | |aIssued also in French under title: Le bénévolat au Canada : défis et opportunités pendant la pandémie de COVID-19. |
| 500 | |a"Release date: June 26, 2020." |
| 500 | |aIssued also in HTML format. |
| 504 | |aIncludes bibliographical references. |
| 520 | |a"This article is based on data from the General Social Survey on Giving, Volunteering and Participating (GSS GVP), which was conducted on a sample of persons aged 15 and over, totalling 16,149 respondents in 2018. While these data are from prior to the COVID-19 pandemic, they provide insight into challenges and opportunities facing volunteerism in the current situation." |
| 650 | 0|aVoluntarism|zCanada|vStatistics. |
| 650 | 0|aVolunteers|zCanada|vStatistics. |
| 650 | 0|aCOVID-19 (Disease)|zCanada. |
| 650 | 0|aCOVID-19 Pandemic, 2020-2023|zCanada. |
| 655 | 7|aStatistics|2lcgft |
| 710 | 2 |aStatistics Canada, |eissuing body. |
| 775 | 08|tLe bénévolat au Canada : |w(CaOODSP)9.888684 |
| 830 | #0|aStatCan COVID-19 : data to insights for a better Canada.|w(CaOODSP)9.885877 |
| 856 | 40|qPDF|s222 KB|uhttps://publications.gc.ca/collections/collection_2020/statcan/45-28/CS45-28-1-2020-35-eng.pdf |
| 856 | 4 |qHTML|sN/A|uhttps://www150.statcan.gc.ca/n1/pub/45-28-0001/2020001/article/00037-eng.htm |
| 986 | |a45280001 |